Hindi Languages - Statistics

General Stats
  • This quiz has been taken 87 times
  • The average score is 4 of 27
Answer Stats
Language Mother Tongues % Correct
Hindi 322,200,000
82%
Bhojpuri 50,580,000
48%
Gujari 1,228,000
41%
Rajasthani 25,810,000
38%
Haryanvi 9,807,000
32%
Awadhi 3,851,000
27%
Marwari 7,832,000
22%
Magahi 12,710,000
14%
Chhattisgarhi 16,250,000
12%
Bundeli 5,626,000
11%
Garhwali 2,482,000
8%
Bagheli 2,679,000
7%
Mewari 4,212,000
7%
Brajbhasha 1,556,000
5%
Dhundhari 1,476,000
5%
Malvi 5,213,000
5%
Pahari 3,254,000
5%
Nagpuri 4,346,000
4%
Khortha 8,039,000
3%
Nimadi 2,309,000
3%
Hadauti 2,944,000
1%
Kumauni 2,081,000
1%
Surgujia 1,738,000
1%
Banjari 1,581,000
0%
Kangri 1,117,000
0%
Lambadi 3,277,000
0%
Surjapuri 2,256,000
0%
No matching quizzes found
Score Distribution
Percent of People with Each Score
Percentile by Number Answered
Your Score History
You have not taken this quiz